Strzelcy bramek w 8 kolejce Ekstraklasy w sezonie 2020/21. - Statystyki

Ogólne statystyki
  • Ten quiz został rozwiązany 11 razy
  • Średni wynik to 8 z 16
Statystyki odpowiedzi
Mecz Piłkarz % Poprawnych
Zagłębie Lubin - Lechia Gdańsk 1:1 Paixao
70%
Wisła Kraków - Podbeskidzie 3:0 Błaszczykowski
60%
Warta Poznań - Górnik Zabrze 0:1 Jimenez
60%
Piast Gliwice - Wisła Płock 2:2 Żyro
60%
Lech Poznań - Cracovia 1:1 Awwad
50%
Wisła Kraków - Podbeskidzie 2:0 Chuca
50%
Raków Częstochowa - Stal Mielec 2:1 Domański
50%
Zagłębie Lubin - Lechia Gdańsk 1:0 Guldan
50%
Raków Częstochowa - Stal Mielec 1:0 Ivi
50%
Raków Częstochowa - Stal Mielec 2:0 Ivi
50%
Piast Gliwice - Wisła Płock 1:2 Uryga
50%
Lech Poznań - Cracovia 0:1 van Amersfoort
50%
Piast Gliwice - Wisła Płock 1:0 Alves
40%
Wisła Kraków - Podbeskidzie 1:0 Carlos
30%
Śląsk Wrocław - Jagiellonia Białystok 1:0 Praszelik
30%
Piast Gliwice - Wisła Płock 1:1 Rzeźniczak
30%
Nie znaleziono quizów pasujących do podanych kryteriów
Rozkład punktacji
Procent ludzi z każdym wynikiem
Percentyl według liczby udzielonych odpowiedzi
Twoja historia wyników
Nie rozwiązałeś tego quizu